skbl

Dr Suryya Kumar Bhuyan Library Web-OPAC
ডঃ সূৰ্য্য
কুমাৰ ভূঞা পুথিভঁৰাল ৱেব-অ'পেক

All Research Scholars are advised to clear the annual library fees to continue using Library Resources, Remote Access, Plagiarism Test and Library Clearance.

Cotton University Book Fair 2026

Hindi Sahitya Kosh: Bhag II Namvachi Sabdawali / (Record no. 7564)

MARC details
000 -LEADER
fixed length control field 00771nam a2200277Ia 4500
001 - CONTROL NUMBER
control field 7577
005 - DATE AND TIME OF LATEST TRANSACTION
control field 20240113234024.0
007 - PHYSICAL DESCRIPTION FIXED FIELD--GENERAL INFORMATION
fixed length control field ta
008 - FIXED-LENGTH DATA ELEMENTS--GENERAL INFORMATION
fixed length control field 130107s ii a g b000 u hin u
040 ## - CATALOGING SOURCE
Original cataloging agency Cotton College Assam
041 ## - LANGUAGE CODE
Language code of text/sound track or separate title hin
082 ## - DEWEY DECIMAL CLASSIFICATION NUMBER
Classification number 491.4303
Item number V 59 H
100 ## - MAIN ENTRY--PERSONAL NAME
Personal name Verma, Dhirendra .
245 #0 - TITLE STATEMENT
Title Hindi Sahitya Kosh: Bhag II Namvachi Sabdawali /
Statement of responsibility, etc. Dhirendra Verma...(et al).
Medium Textual Documents
250 ## - EDITION STATEMENT
Edition statement 1st ed. /
260 ## - PUBLICATION, DISTRIBUTION, ETC.
Place of publication, distribution, etc. Baranasi :
Name of publisher, distributor, etc. Gyan Mandal LTD ,
Date of publication, distribution, etc. Nd.
300 ## - PHYSICAL DESCRIPTION
Extent 680p. :
Other physical details ill. ;
Dimensions 23cm .
653 ## - INDEX TERM--UNCONTROLLED
Uncontrolled term Hindi language-Dictionaries
653 ## - INDEX TERM--UNCONTROLLED
Uncontrolled term Hindi Literature-Dictionaries
653 ## - INDEX TERM--UNCONTROLLED
Uncontrolled term MS-Hindi
653 ## - INDEX TERM--UNCONTROLLED
Uncontrolled term Gen-Hindi
942 ## - ADDED ENTRY ELEMENTS (KOHA)
Source of classification or shelving scheme Dewey Decimal Classification
Koha item type Books
Holdings
Withdrawn status Lost status Damaged status Not for loan Home library Current library Date acquired Coded location qualifier Total checkouts Full call number Barcode Date last seen Copy number Price effective from Koha item type Shelving location
        Dr. Suryya Kumar Bhuyan Library Dr. Suryya Kumar Bhuyan Library 01/02/2012 00000   491.4303 V 59 H 945/Hindi 13/01/2024 2 01/02/2012 Books  
        Dr. Suryya Kumar Bhuyan Library Dr. Suryya Kumar Bhuyan Library 01/02/2012 00000   491.4303 V 59 H 56587 13/01/2024 1 01/02/2012 Books  

Designed and Maintained by Team SKBL
©1901-2026

Powered by Koha